| 000 | 00907nam a22002175i 4500 | ||
|---|---|---|---|
| 001 | 152908 | ||
| 003 | ES-MaACL | ||
| 005 | 20250726051759.0 | ||
| 008 | 051019s1838 fr acf | |||||||| ||fre d | ||
| 040 |
_aCAM _bspa _cCAM |
||
| 100 | 1 |
_aByron, George Gordon Byron, _cBaron, _d1788-1824 _eaut _933026 |
|
| 245 | 1 | 0 |
_aOeuvres complètes de Lord Byron / _ctraduction de Amédée Pichot. |
| 250 |
_a10e éd., _baccompagnée de notes historiques et littéraires |
||
| 260 |
_aParis : _bFurne et C., _c1838 _f(Imp. de H. Fournier et C.) |
||
| 300 |
_aXVI, 856 páginas, [14] hojas de láminas ; _c25 cm. |
||
| 599 | _aLáminas lit., la primera retrato del autor, el resto alegóricas | ||
| 700 | 1 |
_aPichot, Amédée, _d1795-1877 _etrl _991840 |
|
| 852 |
_aES-MaACL _cSPAL _fEx-libris de Modesto Lafuente _hLegado Modesto Lafuente _jC-2254 _xHolandesa |
||
| 942 |
_2udc _cMONANT _n0 |
||
| 999 |
_c152908 _d152908 |
||